[Event "Kiel op 35th"]
[Site "Kiel"]
[Date "2023.08.02"]
[Round "7"]
[White "Kieselbach, Jannik"]
[Black "Kelm, Daniel"]
[Result "1-0"]
[WhiteElo "1757"]
[BlackElo "1880"]
[PlyCount "51"]
[EventDate "2023.07.29"]
[EventType "swiss"]
[EventRounds "9"]
[EventCountry "GER"]
[SourceTitle "CBM 215 Extra"]
[Source "ChessBase"]
[SourceDate "2023.09.30"]
[SourceVersion "1"]
[SourceVersionDate "2023.09.30"]
[SourceQuality "1"]

1. e4 d6 2. d4 Nf6 3. Nc3 e5 4. dxe5 dxe5 5. Qxd8+ Kxd8 6. Bc4 Ke8 7. f3 c6 8. a3 b5 9. Ba2 a5 10. Nge2 Bc5 11. b4 Bd6 12. bxa5 Rxa5 13. a4 b4 14. Nd1 Ke7 15. Nb2 Be6 16. Bd2 c5 17. Bxe6 Kxe6 18. Nc4 Ra6 19. c3 Nc6 20. cxb4 cxb4 21. Be3 Rha8 22. Rc1 Nd7 23. 0-0 Na5 24. Rfd1 Nxc4 25. Rxc4 Rxa4 26. Rc6 1-0

[Event "Sachsen-Anhalt Landesliga A 18/19"]
[Site "Sachsen Anhalt"]
[Date "2019.03.24"]
[Round "8.4"]
[White "Kelm, Daniel"]
[Black "Wagner, Bernd"]
[Result "1/2-1/2"]
[WhiteElo "1880"]
[BlackElo "1948"]
[PlyCount "48"]
[EventDate "2018.09.23"]
[EventType "team-tourn"]
[EventRounds "9"]
[EventCountry "GER"]
[SourceTitle "EXT 2022"]
[Source "ChessBase"]
[SourceDate "2021.10.06"]
[SourceVersion "1"]
[SourceVersionDate "2021.10.06"]
[SourceQuality "1"]
[WhiteTeam "Magdeburg SC Norbertus"]
[BlackTeam "Bernburg Aufbau"]
[WhiteTeamCountry "GER"]
[BlackTeamCountry "GER"]

1. d4 Nf6 2. c4 c5 3. Nf3 g6 4. Nc3 cxd4 5. Nxd4 Bg7 6. e3 0-0 7. Be2 Nc6 8. Nxc6 dxc6 9. 0-0 Qxd1 10. Rxd1 Bf5 11. f3 e5 12. e4 Be6 13. Be3 Nd7 14. Na4 Rfe8 15. Rd2 Bf8 16. Rad1 Nb6 17. Nxb6 axb6 18. Bxb6 Rxa2 19. Rd8 Ra8 20. Rxe8 Rxe8 21. Ra1 Kg7 22. Kf1 Re7 23. Ra7 Rd7 24. b3 Bb4 1/2-1/2

[Event "Sachsen-Anhalt Landesliga A 18/19"]
[Site "Sachsen Anhalt"]
[Date "2019.02.24"]
[Round "7.4"]
[White "Rosenhoefer, Thomas"]
[Black "Kelm, Daniel"]
[Result "1/2-1/2"]
[WhiteElo "2067"]
[BlackElo "1880"]
[PlyCount "37"]
[EventDate "2018.09.23"]
[EventType "team-tourn"]
[EventRounds "9"]
[EventCountry "GER"]
[SourceTitle "EXT 2022"]
[Source "ChessBase"]
[SourceDate "2021.10.06"]
[SourceVersion "1"]
[SourceVersionDate "2021.10.06"]
[SourceQuality "1"]
[WhiteTeam "Tangerhuette Eintracht"]
[BlackTeam "Magdeburg SC Norbertus"]
[WhiteTeamCountry "GER"]
[BlackTeamCountry "GER"]

1. d4 Nf6 2. Nf3 d5 3. e3 Bg4 4. c4 Bxf3 5. Qxf3 e6 6. Nd2 c6 7. Bd3 Nbd7 8. 0-0 Be7 9. Qe2 e5 10. cxd5 Nxd5 11. dxe5 Nxe5 12. Bb1 Qc7 13. f4 Nd7 14. Nb3 0-0-0 15. e4 N5f6 16. Be3 Kb8 17. Kh1 h5 18. e5 Ng4 19. Bg1 1/2-1/2

[Event "Prague Summer op 4th"]
[Site "Prague"]
[Date "2017.08.06"]
[Round "4"]
[White "Soural, Jan"]
[Black "Kelm, Daniel"]
[Result "1-0"]
[WhiteElo "2163"]
[BlackElo "1952"]
[PlyCount "47"]
[EventDate "2017.08.04"]
[EventType "swiss"]
[EventRounds "9"]
[EventCountry "CZE"]
[SourceTitle "CBM 179 Extra"]
[Source "ChessBase"]
[SourceDate "2017.08.23"]
[SourceVersion "1"]
[SourceVersionDate "2017.08.23"]
[SourceQuality "1"]

1. d4 d5 2. c4 dxc4 3. e3 e5 4. Bxc4 Bb4+ 5. Nc3 exd4 6. exd4 Nf6 7. Nf3 0-0 8. 0-0 c6 9. Ne5 Bxc3 10. bxc3 Nd5 11. Qf3 Be6 12. Qg3 Kh8 13. Ba3 Re8 14. Rab1 f6 15. Rxb7 Nd7 16. Rxd7 Qxd7 17. Nxd7 Bxd7 18. Qf3 Nb6 19. Bb3 Rac8 20. h3 Be6 21. Re1 Bd5 22. Rxe8+ Rxe8 23. Bxd5 cxd5 24. Bc5 1-0

[Event "Vellmar op 8th"]
[Site "Vellmar"]
[Date "2016.07.31"]
[Round "6"]
[White "Kelm, Daniel"]
[Black "Colbow, Collin"]
[Result "1-0"]
[WhiteElo "1944"]
[BlackElo "1794"]
[PlyCount "103"]
[EventDate "2016.07.28"]
[EventType "swiss"]
[EventRounds "7"]
[EventCountry "GER"]
[SourceTitle "CBM 173 Extra"]
[Source "ChessBase"]
[SourceDate "2016.08.29"]
[SourceVersion "1"]
[SourceVersionDate "2016.08.29"]
[SourceQuality "1"]

1. e4 e5 2. Nf3 Nc6 3. Bb5 a6 4. Ba4 Nf6 5. 0-0 Be7 6. c3 b5 7. Bc2 d6 8. h3 0-0 9. d4 exd4 10. cxd4 Nb4 11. Bb3 c5 12. a3 Nc6 13. d5 Nb8 14. Bc2 Nbd7 15. b4 c4 16. Nd4 Bb7 17. Nc3 Nb6 18. Nf5 Re8 19. Nxe7+ Qxe7 20. Qd4 Qc7 21. Bb2 Bc8 22. Rae1 Bd7 23. f4 Qb7 24. g4 Re7 25. Bd1 Rc8 26. Bf3 Qb8 27. Kg2 Kf8 28. e5 Ne8 29. Ba1 Na8 30. Re2 Qb6 31. Qxb6 Nxb6 32. Rfe1 Rc7 33. Kg3 g6 34. Ne4 dxe5 35. fxe5 Nxd5 36. Ng5 Be6 37. Nxh7+ Kg8 38. Ng5 Rcd7 39. Bd4 Nec7 40. Bc5 Re8 41. Ne4 Red8 42. Bd6 Rc8 43. Nc5 Rdd8 44. Nxe6 fxe6 45. g5 Rd7 46. Bg4 Rcd8 47. h4 Rf7 48. h5 gxh5 49. g6 Rg7 50. Bxh5 Ra8 51. Rf1 Ne8 52. Rf8# 1-0

[Event "Vellmar op 8th"]
[Site "Vellmar"]
[Date "2016.07.30"]
[Round "5"]
[White "Langedijk, Ardjan"]
[Black "Kelm, Daniel"]
[Result "1-0"]
[WhiteElo "2101"]
[BlackElo "1944"]
[PlyCount "131"]
[EventDate "2016.07.28"]
[EventType "swiss"]
[EventRounds "7"]
[EventCountry "GER"]
[SourceTitle "CBM 173 Extra"]
[Source "ChessBase"]
[SourceDate "2016.08.29"]
[SourceVersion "1"]
[SourceVersionDate "2016.08.29"]
[SourceQuality "1"]

1. Nf3 d5 2. g3 Nf6 3. Bg2 e6 4. 0-0 Be7 5. c4 0-0 6. d4 dxc4 7. Qc2 c5 8. dxc5 Qc7 9. Qxc4 Qxc5 10. Qxc5 Bxc5 11. Nc3 Bd7 12. Ne5 Bc6 13. Nxc6 Nxc6 14. Bg5 Be7 15. Bxc6 bxc6 16. Rfd1 h6 17. Bxf6 Bxf6 18. Rac1 Rfd8 19. Na4 Rxd1+ 20. Rxd1 Rd8 21. Rxd8+ Bxd8 22. Kg2 Kf8 23. Kf3 Ke7 24. Ke4 Kd6 25. e3 Bf6 26. Kd3 h5 27. Nc3 Be7 28. f4 g6 29. Ne4+ Kd5 30. Nc3+ Kd6 31. h3 f5 32. e4 h4 33. gxh4 Bxh4 34. Ne2 a5 35. b3 Bf2 36. Nd4 Bg1 37. e5+ Kd5 38. Ne2 Bf2 39. a3 Bh4 40. Nc3+ Kc5 41. Na4+ Kb5 42. Nb2 Be7 43. Nc4 Bc5 44. Nd6+ Ka6 45. Nf7 Bxa3 46. Nh8 g5 47. fxg5 Kb5 48. h4 Kb4 49. Kc2 f4 50. Ng6 f3 51. Nf4 Kc5 52. g6 f2 53. Nd3+ Kd4 54. Nxf2 Bf8 55. Ng4 Ke4 56. Nf6+ Kf5 57. h5 Bg7 58. Ne8 Bxe5 59. g7 Bxg7 60. Nxg7+ Kf6 61. h6 e5 62. Nf5 Kg6 63. Kd3 c5 64. Kc4 e4 65. Kd5 Kh7 66. Kxc5 1-0